|
|
|
|
| LEADER |
00000nam0a2200000 4500 |
| 001 |
125867 |
| 005 |
20231031131528.0 |
| 010 |
|
|
|a 5970600369
|
| 035 |
|
|
|a (RuTPU)RU\TPU\book\136183
|
| 090 |
|
|
|a 125867
|
| 100 |
|
|
|a 20071121d2007 m y0rusy50 ca
|
| 101 |
0 |
|
|a rus
|
| 102 |
|
|
|a RU
|
| 105 |
|
|
|a a z 000zy
|
| 200 |
1 |
|
|a Microsoft Excel. Работайте с электронными таблицами в 10 раз быстрее
|f А. Г. Горбачев, Д. В. Котлеев
|
| 210 |
|
|
|a Москва
|c ДМК Пресс
|d 2007
|
| 215 |
|
|
|a 96 с.
|c ил.
|
| 330 |
|
|
|a Данная серия практических книг предназначена для руководителей любого уровня. Поскольку каждый управленец применяет в своей работе электронную почту, Интернет, Word и Excel и, как правило, работает в среде Windows. В связи с этим парадокс: владеть программными пакетами требуется ежедневно, а времени на освоение нет. Выход — наша серия книг, позволяющая овладеть теми 10-15% ежедневных функций каждой из программ, при этом получить наиболее выгодные алгоритмы достижения желаемого. Для профессионала не секрет, что одну задачу можно решить множеством путей. Но только один из них — самый экономный по ресурсам: времени и «телодвижениям», именно такой путь вы можете самостоятельно выбрать в данной книге.
|
| 610 |
1 |
|
|a программирование
|
| 610 |
1 |
|
|a электронные таблицы
|
| 610 |
1 |
|
|a Microsoft Excel
|
| 610 |
1 |
|
|a электронные документы
|
| 610 |
1 |
|
|a данные
|
| 610 |
1 |
|
|a ввод
|
| 610 |
1 |
|
|a удаление
|
| 610 |
1 |
|
|a редактирование
|
| 610 |
1 |
|
|a формулы
|
| 610 |
1 |
|
|a использование
|
| 610 |
1 |
|
|a размножение
|
| 610 |
1 |
|
|a эффективные приемы
|
| 675 |
|
|
|a 681.3.06
|v 3
|
| 700 |
|
1 |
|a Горбачев
|b А. Г.
|g Александр Г.
|
| 701 |
|
1 |
|a Котлеев
|b Д. В.
|g Дмитрий В.
|
| 801 |
|
1 |
|a RU
|b 63413507
|c 20071121
|g PSBO
|
| 801 |
|
2 |
|a RU
|b 63413507
|c 20120706
|g PSBO
|
| 942 |
|
|
|c BK
|
| 959 |
|
|
|a 82/20071121
|d 1
|e 0
|f ЭЧЗ:1
|